Auge y caída del Imperio Británico, 1776-2000 / (Record no. 60249)
[ view plain ]
| 000 -LEADER | |
|---|---|
| fixed length control field | 00881cam a2200253 4500 |
| 005 - DATE AND TIME OF LATEST TRANSACTION | |
| control field | 20160315124948.0 |
| 008 - FIXED-LENGTH DATA ELEMENTS--GENERAL INFORMATION | |
| fixed length control field | 160315b sp ||||| |||| 00| 0 spa d |
| 020 ## - INTERNATIONAL STANDARD BOOK NUMBER | |
| International Standard Book Number | 8484325806 |
| 050 04 - LIBRARY OF CONGRESS CALL NUMBER | |
| Classification number | DA470 |
| Item number | S33 2005 |
| 100 1# - MAIN ENTRY--PERSONAL NAME | |
| Personal name | Schama, Simon, |
| Dates associated with a name | [1945- ] |
| Fuller form of name | [Simón Michael Schama] |
| 245 10 - TITLE STATEMENT | |
| Title | Auge y caída del Imperio Británico, 1776-2000 / |
| Remainder of title | Simon Schama. |
| 250 ## - EDITION STATEMENT | |
| Edition statement | 1a ed. 2a reimp. |
| 260 ## - PUBLICATION, DISTRIBUTION, ETC. (IMPRINT) | |
| Place of publication, distribution, etc | Barcelona : |
| Name of publisher, distributor, etc | Crítica, |
| Date of publication, distribution, etc | r2005 |
| 300 ## - PHYSICAL DESCRIPTION | |
| Extent | 550 p. : |
| Other physical details | il. ; |
| Dimensions | 24 cm. |
| 490 ## - SERIES STATEMENT | |
| Series statement | Serie mayor |
| 500 ## - GENERAL NOTE | |
| General note | Nota : Título original: A history of britain. The fate of empire, 1776-2000. |
| 504 ## - BIBLIOGRAPHY, ETC. NOTE | |
| Bibliography, etc | Incluye bibliografías e índice |
| 506 ## - RESTRICTIONS ON ACCESS NOTE | |
| Terms governing access | Rec. Esc. |
| 650 #7 - SUBJECT ADDED ENTRY--TOPICAL TERM | |
| Source of heading or term | LEMB |
| Topical term or geographic name as entry element | Gran Bretaña |
| General subdivision | Historia |
| Chronological subdivision | Siglo XX |
| 651 #7 - SUBJECT ADDED ENTRY--GEOGRAPHIC NAME | |
| Source of heading or term | LEMB |
| Geographic name | Gran Bretaña |
| General subdivision | Historia |
| Chronological subdivision | Siglo XIX |
| 700 1# - ADDED ENTRY--PERSONAL NAME | |
| Personal name | Rabasseda-Gascón, Juan, |
| Relator term | tr. |
| 942 ## - ADDED ENTRY ELEMENTS (KOHA) | |
| Source of classification or shelving scheme | Biblioteca del Cogreso de los Estados Unidos |
| Koha item type | Libro |
| Estado de pérdida | Fuente de clasificación | Estado del daño | No para préstamo | Ubicación permanente | Ubicación actual | Apartado o colección | Fecha de adquisición | Área del conocimiento | Clasificación | Código de Barras | Date last seen | Número de copia | Tipo de recurso | Nota pública |
|---|---|---|---|---|---|---|---|---|---|---|---|---|---|---|
| Biblioteca del Cogreso de los Estados Unidos | Biblioteca del Instituto de Investigaciones Históricas | Biblioteca del Instituto de Investigaciones Históricas | General | 15/03/2016 | Educación y Humanidades | DA470 S33 r2005 | IIH000001072 | 15/03/2016 | C: 1 | Libro | GENERAL |